000
00289nam a2200109Ia 4500
008
200302s9999 xx 000 0 und d
100
_a
Bride M. Whelan
245
_a
Color Harmony 2 A Guide to Creative Color Combination
260
_b
Rockport Publishers
260
_c
1994
300
_a
160 P.,
999
_c
1549
_d
1549